| 000 | 01090cam a2200325 a 4500 | ||
|---|---|---|---|
| 001 | 10234 | ||
| 003 | BD-RjUL | ||
| 005 | 20211208234922.0 | ||
| 008 | 140123t1952 njua b 001 0 eng d | ||
| 035 | _a(BD-RjUL)10282 | ||
| 040 |
_aBD-RjUL _beng _cBD-RjUL _dBD-RjUL |
||
| 041 | _aeng | ||
| 082 | 0 | 4 |
_216 _a546.1 _bLAO 1952 |
| 100 | 1 |
_aLatimer, Wendell M. _q(Wendell Mitchell), _d1893-1955. _931616 |
|
| 245 | 1 | 4 |
_aThe oxidation states of the elements and their potentials in aqueous solutions / _cby Wendell M. Latimer. |
| 246 | 1 | 4 | _aOxidation potentials |
| 250 | _a2nd ed. | ||
| 260 |
_aEnglewood Cliffs, N.J : _bPrentice-Hall, _c1952. |
||
| 300 |
_axvi, 392 p. : _bill. ; _c24 cm. |
||
| 500 | _aPrevious ed.: 1938. | ||
| 500 | _aSpine and cover title : Oxidation potentials | ||
| 504 | _aIncludes bibliographical references and indexes. | ||
| 650 | 0 |
_aChemical elements. _925293 |
|
| 650 | 0 |
_aElectrolysis. _931617 |
|
| 650 | 0 |
_aOxidation. _929419 |
|
| 830 | 0 |
_aPrentice-Hall chemistry series. _929267 |
|
| 942 |
_2ddc _cBK |
||
| 999 |
_c10234 _d10234 |
||